[Event "Politiken Cup"]
[Site "Helsingor DEN"]
[Date "2009.07.19"]
[Round "2"]
[White "Gajic,Ml"]
[Black "Brendel,B"]
[Result "1-0"]
[WhiteElo "2249"]
[BlackElo "2046"]
[EventDate "2009.07.18"]

1. e4 Nf6 2. e5 Nd5 3. d4 d6 4. Nf3 dxe5 5. Nxe5 c6 6. Be2 Nd7 7. Nd3 g6 8.
Nd2 Bg7 9. Nf3 O-O 10. c4 N5b6 11. b3 c5 12. a4 a5 13. Bb2 cxd4 14. Bxd4
Bxd4 15. Nxd4 e5 16. Nb5 e4 17. Nf4 Nc5 18. O-O Ne6 19. Nxe6 Bxe6 20. Nd6
Bf5 21. c5 Nd7 22. Rc1 Ne5 23. Qd5 Nd3 24. Bxd3 exd3 25. Nxf5 gxf5 26. Qxf5
Ra6 27. Rfd1 d2 28. Rc3 Re8 29. Re3 Rae6 30. Qg4+ Kf8 31. Qe2 Qd4 32. Qxd2
Rxe3 33. fxe3 Qxe3+ 34. Qxe3 Rxe3 35. Rd8+ Ke7 36. Rb8 Rxb3 37. c6 Kd6 38.
Rxb7 Rxb7 39. cxb7 Kc7 40. Kf2 Kxb7 41. Ke3 Kc6 42. Kd4 Kd6 43. g4 f6 44.
h3 Kc6 45. Kc4 h6 46. h4 Kd6 47. Kb5 Ke5 48. Kxa5 Kf4 49. Kb4 Kxg4 50. a5
f5 51. a6 f4 52. a7 f3 53. a8=Q 1-0

[Event "Politiken Cup"]
[Site "Helsingor DEN"]
[Date "2009.07.19"]
[Round "2"]
[White "Justinussen,S"]
[Black "Veng,J"]
[Result "0-1"]
[WhiteElo "1942"]
[BlackElo "2243"]
[EventDate "2009.07.18"]

1. e4 g6 2. d4 Bg7 3. c3 d5 4. Nd2 Nc6 5. Ngf3 Nh6 6. Bd3 O-O 7. O-O e5 8.
exd5 Qxd5 9. Be4 Qd7 10. Bxc6 Qxc6 11. Nxe5 Qa6 12. Ndf3 Bf5 13. Nh4 Be6
14. Re1 Rfe8 15. Be3 f6 16. Nd3 Bf7 17. Nc5 Qc6 18. Qa4 Qd5 19. Qd1 b6 20.
Nd3 g5 21. Nf3 Nf5 22. b3 Bh5 23. c4 Qf7 24. Re2 Bxf3 25. gxf3 Rad8 26. d5
Nh4 27. Ne1 f5 28. Rc1 Qh5 29. Bd2 Rxe2 30. Qxe2 Re8 31. Qf1 Rxe1 32. Bxe1
Nxf3+ 33. Kg2 g4 34. h4 Nxh4+ 35. Kg3 Nf3 36. Qg2 Be5+ 0-1

[Event "Politiken Cup"]
[Site "Helsingor DEN"]
[Date "2009.07.19"]
[Round "2"]
[White "Kovachev,D"]
[Black "Jensen,Mi"]
[Result "0-1"]
[WhiteElo "2240"]
[BlackElo "2044"]
[EventDate "2009.07.18"]

1. e4 c5 2. Nf3 g6 3. c4 Bg7 4. d4 cxd4 5. Nxd4 Nc6 6. Nc2 d6 7. Be2 f5 8.
exf5 Bxf5 9. O-O Nh6 10. Nc3 Bxc2 11. Qxc2 O-O 12. Bd2 Nf5 13. Rac1 Rc8 14.
b3 e5 15. Bg4 Ncd4 16. Qe4 Rc7 17. Nd5 Rcf7 18. Bb4 Nh4 19. c5 h5 20. Bh3
Qg5 21. cxd6 Rxf2 22. Rce1 Nhf3+ 23. Kxf2 Nd2+ 24. Kg1 Rxf1+ 25. Rxf1 Nxe4
26. g3 Ne2+ 27. Kg2 N2xg3 28. d7 Nxf1+ 29. Kxf1 Qc1+ 30. Ke2 Qc2+ 31. Ke1
Qc1+ 32. Ke2 Qc2+ 33. Ke1 Qf2+ 34. Kd1 Qd4+ 35. Ke2 Qxd5 36. Be7 Qd2+ 37.
Kf3 Ng5+ 38. Kg3 Qe3+ 0-1

[Event "Politiken Cup"]
[Site "Helsingor DEN"]
[Date "2009.07.19"]
[Round "2"]
[White "Jorgensen,C"]
[Black "Lindberg,H"]
[Result "0-1"]
[WhiteElo "2013"]
[BlackElo "2240"]
[EventDate "2009.07.18"]

1. d4 Nf6 2. c4 e6 3. Nf3 b6 4. g3 Bb7 5. Bg2 Be7 6. O-O O-O 7. Nc3 Ne4 8.
Qc2 Nxc3 9. bxc3 f5 10. Ne5 Bxg2 11. Kxg2 Bd6 12. Nf3 Nc6 13. a4 Qf6 14.
Ba3 Bxa3 15. Rxa3 g5 16. Nd2 e5 17. d5 Na5 18. Qd3 Rae8 19. e4 f4 20. g4
f3+ 21. Nxf3 Nxc4 22. Rb3 Qxf3+ 0-1

[Event "Politiken Cup"]
[Site "Helsingor DEN"]
[Date "2009.07.19"]
[Round "2"]
[White "Nielsen,LA"]
[Black "Hobber,A"]
[Result "1/2-1/2"]
[WhiteElo "2233"]
[BlackElo "2042"]
[EventDate "2009.07.18"]

1. e4 e6 2. d4 d5 3. Nc3 dxe4 4. Nxe4 Nd7 5. g3 Ngf6 6. Nxf6+ Nxf6 7. Bg2
e5 8. Qe2 Qxd4 9. Nf3 Qd5 10. Qxe5+ Qxe5+ 11. Nxe5 Bd6 12. Nc4 Be7 13. O-O
O-O 14. Re1 Bc5 15. Bf4 Be6 16. Ne3 c6 1/2-1/2

[Event "Politiken Cup"]
[Site "Helsingor DEN"]
[Date "2009.07.19"]
[Round "2"]
[White "Strand,Kj"]
[Black "Solberg,J"]
[Result "0-1"]
[WhiteElo "2043"]
[BlackElo "2222"]
[EventDate "2009.07.18"]

1. e4 c5 2. Nf3 e6 3. d4 cxd4 4. Nxd4 a6 5. Nc3 Qc7 6. Bd3 Nf6 7. O-O b5 8.
Qe2 d6 9. f4 Nbd7 10. Kh1 Bb7 11. Nf3 b4 12. Nd1 Nc5 13. Nf2 Be7 14. Bd2 d5
15. exd5 Nxd5 16. Ne5 Nxd3 17. cxd3 Nf6 18. Rac1 Qd8 19. Rc4 a5 20. Rfc1
Bd5 21. R4c2 O-O 22. Nc6 Bxc6 23. Rxc6 Qd5 24. b3 a4 25. R6c4 axb3 26. axb3
Qb5 27. Qf3 Ra3 28. d4 Ra2 29. Be3 Rb2 30. Nd3 Rxb3 31. Qd1 Ra3 32. Bg1 Nd5
33. Ne5 Rc3 34. R4xc3 bxc3 35. f5 exf5 36. Qf3 g6 37. Be3 Ba3 38. Re1 Nxe3
39. Qxe3 c2 40. Nd3 Qb3 41. Qd2 Rc8 42. Rf1 Qc3 43. Qxc3 Rxc3 44. Nc1 Bxc1
0-1

[Event "Politiken Cup"]
[Site "Helsingor DEN"]
[Date "2009.07.19"]
[Round "2"]
[White "Kvisla,J"]
[Black "Bjorneboe,K"]
[Result "1-0"]
[WhiteElo "2222"]
[BlackElo "2041"]
[EventDate "2009.07.18"]

1. d4 Nf6 2. c4 e6 3. Nc3 d5 4. cxd5 exd5 5. Bg5 Be7 6. Qc2 Nbd7 7. e3 c6
8. Bd3 O-O 9. Nge2 Re8 10. O-O Nf8 11. f3 g6 12. Rae1 Ne6 13. Bh4 a6 14.
Bf2 Ng7 15. Kh1 Bd6 16. e4 dxe4 17. fxe4 Ng4 18. e5 Nxf2+ 19. Rxf2 Be7 20.
Bc4 Rf8 21. Ref1 Be6 22. Ne4 Bd5 23. Bxd5 Qxd5 24. N4c3 Qc4 25. b3 Qe6 26.
Nf4 Qd7 27. d5 Nf5 28. d6 Bh4 29. g3 Bd8 30. Qe4 Re8 31. Rd2 Ng7 32. Nd3 f5
33. Qc4+ Kh8 34. Nc5 b5 35. Qd4 Qf7 36. d7 Rf8 37. e6 Qf6 38. N3e4 Qxd4 39.
Rxd4 Be7 40. Nd6 a5 41. Re1 Kg8 42. Ncb7 h6 43. Nf7 Nxe6 44. Nxh6+ Kg7 45.
Rxe6 Bf6 46. Rdd6 Rab8 47. Nxa5 Ra8 48. Nxc6 Rxa2 49. Rxf6 1-0

[Event "Politiken Cup"]
[Site "Helsingor DEN"]
[Date "2009.07.19"]
[Round "2"]
[White "Jorgensen,D"]
[Black "Guttulsrud,O"]
[Result "1/2-1/2"]
[WhiteElo "2207"]
[BlackElo "2030"]
[EventDate "2009.07.18"]

1. d4 f5 2. g3 g6 3. Bg2 Nf6 4. c4 Bg7 5. Nc3 O-O 6. Nf3 d6 7. O-O c6 8.
Qc2 Kh8 9. b3 Qc7 10. Ba3 Na6 11. Rac1 Re8 12. Rfd1 Qa5 13. Bb2 e5 14. dxe5
dxe5 15. a3 Qc7 16. b4 e4 17. Ne1 Qf7 18. Na4 Bd7 19. b5 Nb8 20. Nc5 Bc8
21. e3 b6 22. Na4 c5 23. Qb1 Bb7 24. Rd2 Nbd7 25. Rcd1 Ne5 26. Bxe5 Rxe5
27. Qb3 1/2-1/2

[Event "Politiken Cup"]
[Site "Helsingor DEN"]
[Date "2009.07.19"]
[Round "2"]
[White "Pallesen,Ja"]
[Black "Akdag,D"]
[Result "0-1"]
[WhiteElo "2042"]
[BlackElo "2198"]
[EventDate "2009.07.18"]

1. d4 Nf6 2. Nf3 c5 3. e3 g6 4. Bd3 Bg7 5. O-O O-O 6. b3 cxd4 7. exd4 d5 8.
Bb2 Nc6 9. a3 Nh5 10. g3 Bg4 11. c3 Rc8 12. Be2 Re8 13. Nbd2 Qd7 14. Re1 e5
15. dxe5 Nxe5 16. Nxe5 Rxe5 17. Bxg4 Rxe1+ 18. Qxe1 Qxg4 19. Qe3 a5 20. Rc1
Bf6 21. Kh1 Ng7 22. Qf3 Qe6 23. Kg2 Nf5 24. Qd3 h5 25. Nf3 h4 26. Re1 h3+
27. Kf1 Qc6 28. Ne5 Qc7 29. Qxd5 Rd8 30. Qb5 Bxe5 31. Qxe5 Qc6 32. c4 Kh7
33. Re4 f6 34. Rh4+ Kg7 35. Qe4 Rd1+ 36. Ke2 Qd7 37. Bc3 Nxh4 38. gxh4 0-1

[Event "Politiken Cup"]
[Site "Helsingor DEN"]
[Date "2009.07.19"]
[Round "2"]
[White "Nguyen,Mi"]
[Black "Andersen,Ru2"]
[Result "0-1"]
[WhiteElo "2196"]
[BlackElo "2026"]
[EventDate "2009.07.18"]

1. d4 d5 2. c4 dxc4 3. e3 Nf6 4. Bxc4 e6 5. Nf3 c5 6. O-O a6 7. Bb3 b5 8.
a4 b4 9. e4 Bb7 10. e5 Ne4 11. Re1 cxd4 12. Nxd4 Bc5 13. Be3 Nc6 14. Nxc6
Qxd1 15. Bxd1 Bxe3 16. Rxe3 Bxc6 17. Bf3 O-O-O 18. Nc3 bxc3 19. bxc3 Nxf2
20. Kxf2 Kc7 21. Kg3 Rd2 22. Bxc6 Kxc6 23. Rf1 Rb8 24. Ref3 Rbb2 25. Rg1
Rbc2 26. Kh3 Rf2 27. Rg3 g6 28. Rd1 Rfd2 29. Rf1 Rf2 30. Rd1 Rcd2 31. Rd3
Rde2 32. Rd6+ Kc5 33. Rxa6 Rxg2 34. Rad6 Rxh2+ 35. Kg3 h5 36. Rd7 h4+ 37.
Kg4 Reg2+ 38. Kf3 Rg3+ 39. Ke4 Re2+ 40. Kf4 g5+ 0-1

[Event "Politiken Cup"]
[Site "Helsingor DEN"]
[Date "2009.07.19"]
[Round "2"]
[White "Nielsen,Las"]
[Black "Rolvag,M"]
[Result "0-1"]
[WhiteElo "2032"]
[BlackElo "2196"]
[EventDate "2009.07.18"]

1. e4 c6 2. d4 d5 3. exd5 cxd5 4. Bd3 Nc6 5. Nf3 Bg4 6. c3 Nf6 7. Bf4 e6 8.
Nbd2 Bd6 9. Bxd6 Qxd6 10. O-O Bh5 11. Qe1 Bg6 12. Ne5 Nd7 13. f4 Bxd3 14.
Nxd3 f5 15. Qg3 O-O 16. Rae1 Nf6 17. Nc5 b6 18. Nxe6 Rf7 19. Ng5 Rc7 20.
Qh3 g6 21. Re6 Qf8 22. Re2 Nd8 23. Rfe1 Ne4 24. Ngxe4 dxe4 25. Nf1 h5 26.
Ne3 Qf7 27. Qg3 Kh7 28. d5 Nb7 29. Rd1 Nd6 30. Nc2 Rc5 31. Ne3 b5 32. Qe1
a5 33. b4 Rcc8 34. Qd2 Qa7 35. Kh1 Rc7 36. Rb1 Rac8 37. Rb3 a4 38. Ra3 Rc4
0-1

[Event "Politiken Cup"]
[Site "Helsingor DEN"]
[Date "2009.07.19"]
[Round "2"]
[White "Tadjerbashi,A"]
[Black "Bryn,T"]
[Result "0-1"]
[WhiteElo "2193"]
[BlackElo "2024"]
[EventDate "2009.07.18"]

1. e4 e5 2. Nf3 Nc6 3. Bb5 a6 4. Ba4 Nf6 5. Qe2 b5 6. Bb3 Be7 7. c3 d6 8.
O-O O-O 9. d4 Bg4 10. Rd1 exd4 11. cxd4 d5 12. e5 Ne4 13. a4 b4 14. a5 Kh8
15. h3 Bh5 16. g4 Bg6 17. Be3 f5 18. exf6 Bxf6 19. Nbd2 h5 20. Nxe4 dxe4
21. Ne5 Bxe5 22. dxe5 Qh4 23. Kg2 Rf3 24. Rh1 Nxe5 25. Qd2 Raf8 26. Be6 Qf6
27. Ba2 Nd3 28. Raf1 Be8 29. Bd5 Qe5 30. Bc4 Bb5 31. Bxb5 Qxb5 32. Qc2 Qe5
33. Qc6 h4 34. Qc2 Rg3+ 0-1

[Event "Politiken Cup"]
[Site "Helsingor DEN"]
[Date "2009.07.19"]
[Round "2"]
[White "Flermoen,P"]
[Black "Ask,J"]
[Result "0-1"]
[WhiteElo "2027"]
[BlackElo "2191"]
[EventDate "2009.07.18"]

1. d4 e6 2. Nf3 f5 3. d5 Be7 4. e3 Nf6 5. dxe6 dxe6 6. Bd3 Nc6 7. O-O O-O
8. Nbd2 Kh8 9. e4 Nb4 10. Qe2 Nxd3 11. cxd3 b6 12. Re1 f4 13. d4 c5 14. Nb3
Ng4 15. h3 Nh6 16. Bd2 a5 17. Bc3 Ba6 18. Qd2 c4 19. Nc1 Bb7 20. a4 Qc7 21.
Qe2 Nf7 22. Nd2 Rac8 23. Qh5 Bf6 24. e5 Be7 25. Ne4 Bd5 26. Bd2 Qc6 27. Qe2
Nh6 28. f3 Nf5 29. Qf2 Bh4 30. Qf1 Bxe1 31. Qxe1 Nxd4 32. Ng5 h6 33. Qh4
Kg8 0-1

[Event "Politiken Cup"]
[Site "Helsingor DEN"]
[Date "2009.07.19"]
[Round "2"]
[White "Laursen,N1"]
[Black "Berg,Su"]
[Result "1/2-1/2"]
[WhiteElo "2191"]
[BlackElo "2020"]
[EventDate "2009.07.18"]

1. e4 e5 2. Nf3 Nc6 3. d4 exd4 4. Nxd4 Bc5 5. Be3 Nxd4 6. Bxd4 Bxd4 7. Qxd4
Qf6 8. Qc3 c6 9. Be2 Qg6 10. O-O Ne7 11. Nd2 O-O 12. f4 d5 13. f5 Qh6 14.
f6 Ng6 15. exd5 cxd5 16. fxg7 Re8 17. Rae1 Be6 18. Qd4 Qh4 19. Nf3 Qxd4+
20. Nxd4 Kxg7 21. c3 a6 22. Bd3 Rac8 23. Rf2 Bd7 24. Rfe2 Rxe2 25. Rxe2 Nf4
26. Rd2 Re8 27. Kf2 Re5 28. Nf3 Rh5 29. Kg3 Ne6 30. Bc2 Bc6 31. Re2 d4 32.
Nxd4 Rg5+ 33. Kf2 Rxg2+ 34. Ke3 Rxe2+ 35. Kxe2 1/2-1/2

[Event "Politiken Cup"]
[Site "Helsingor DEN"]
[Date "2009.07.19"]
[Round "2"]
[White "Jensen,Mo"]
[Black "Rossen,C"]
[Result "1/2-1/2"]
[WhiteElo "2026"]
[BlackElo "2188"]
[EventDate "2009.07.18"]

1. e4 c5 2. Na3 g6 3. c3 Bg7 4. g3 Nc6 5. Bg2 d6 6. Nf3 Nf6 7. d3 O-O 8.
O-O Rb8 9. Nc2 b5 10. Re1 b4 11. d4 bxc3 12. bxc3 Qa5 13. Bd2 Qa4 14. dxc5
dxc5 15. e5 Nd5 16. Ng5 Bg4 17. Qc1 e6 18. Re4 c4 19. Rxg4 Nxe5 20. Rh4 Nd3
21. Qd1 Nb2 22. Qc1 Nd3 23. Qd1 Nb2 24. Qc1 1/2-1/2

[Event "Politiken Cup"]
[Site "Helsingor DEN"]
[Date "2009.07.19"]
[Round "2"]
[White "Sinkbaek,A"]
[Black "Caceres,C"]
[Result "1-0"]
[WhiteElo "2186"]
[BlackElo "1766"]
[EventDate "2009.07.18"]

1. Nf3 Nf6 2. g3 g6 3. Bg2 Bg7 4. O-O d5 5. c4 c6 6. cxd5 cxd5 7. d4 O-O 8.
Nc3 Bd7 9. Ne5 Be8 10. Qb3 Bc6 11. Nxc6 Nxc6 12. Qxb7 Nxd4 13. e3 Ne6 14.
Nxd5 Nxd5 15. Qxd5 Qxd5 16. Bxd5 Rab8 17. Rb1 Nc7 18. Bc4 Rfd8 19. b3 Ne8
20. Ba3 Nd6 21. Bd3 a5 22. Rfd1 Kf8 23. Rbc1 Rdc8 24. Ba6 Rxc1 25. Rxc1 Rb6
26. Bd3 f5 27. Rc7 Bf6 28. Bc5 Rb8 29. Ra7 Bc3 30. Bxd6 exd6 31. Rxh7 Bg7
32. Rh4 d5 33. Ra4 Bc3 34. g4 d4 35. exd4 Re8 36. gxf5 g5 37. Rc4 Bd2 38.
d5 Rd8 39. Be4 Bf4 40. h3 Ke7 41. Rc6 Bd6 42. Ra6 Kf6 43. Rxa5 Ke5 44. Bf3
Kxf5 45. Kg2 Rb8 46. Ra7 Ke5 47. Ra4 Kf6 48. Re4 Be5 49. Ra4 Bd6 50. Be2
Ke5 51. Bc4 Kd4 52. Ra6 Rd8 53. a4 Bb4 54. a5 Bd2 55. Ra7 Kc5 56. a6 Ba5
57. Rg7 Bd2 58. Rg6 Rf8 59. a7 Ra8 60. Rc6+ Kd4 61. Ra6 Kc5 62. d6 Bf4 63.
d7 Bc7 64. Be2 Bd8 65. Bf3 Kb5 66. Ra4 1-0

[Event "Politiken Cup"]
[Site "Helsingor DEN"]
[Date "2009.07.19"]
[Round "2"]
[White "Krumm,J"]
[Black "Engelbert,C"]
[Result "1/2-1/2"]
[WhiteElo "2022"]
[BlackElo "2185"]
[EventDate "2009.07.18"]

1. e4 g6 2. d4 Bg7 3. Nc3 d6 4. Be3 Nc6 5. d5 Nb8 6. Bd4 Nf6 7. h3 O-O 8.
Nf3 e5 9. dxe6 Bxe6 10. Be2 Nc6 11. O-O Rc8 12. Bb5 Bd7 13. Bxc6 bxc6 14.
e5 Nd5 15. exd6 Bxd4 16. Qxd4 Nxc3 17. bxc3 Be6 18. dxc7 1/2-1/2

[Event "Politiken Cup"]
[Site "Helsingor DEN"]
[Date "2009.07.19"]
[Round "2"]
[White "Kaaber,J"]
[Black "Berkemer,R"]
[Result "1-0"]
[WhiteElo "2184"]
[BlackElo "1925"]
[EventDate "2009.07.18"]

1. e4 d5 2. exd5 Nf6 3. Nf3 Nxd5 4. d4 g6 5. c4 Nb6 6. Nc3 Bg7 7. c5 Nd5 8.
Bc4 Nxc3 9. bxc3 O-O 10. O-O b6 11. Re1 e6 12. Bg5 Bf6 13. Bh6 Re8 14. Ne5
Bb7 15. Bb5 Qd5 16. Qg4 Re7 17. Bc4 Qd8 18. Nxf7 Kxf7 19. Rxe6 Bd5 20.
Rxf6+ Kxf6 21. Qf4+ Ke6 22. Qe5+ Kf7 23. Bxd5+ Ke8 24. Qh8+ Kd7 25. Qxd8+
Kxd8 26. Bxa8 1-0

[Event "Politiken Cup"]
[Site "Helsingor DEN"]
[Date "2009.07.19"]
[Round "2"]
[White "Meier,L"]
[Black "Eriksson,C"]
[Result "1-0"]
[WhiteElo "1888"]
[BlackElo "2181"]
[EventDate "2009.07.18"]

1. d4 d5 2. e3 Nf6 3. f4 c5 4. c3 cxd4 5. exd4 Nc6 6. Nf3 e6 7. Bd3 Ne4 8.
O-O f5 9. Qb3 Be7 10. Be3 Bd7 11. Nbd2 Na5 12. Qd1 Rc8 13. Ne5 O-O 14. Ndf3
Be8 15. Rc1 b5 16. Bxe4 dxe4 17. Nd2 Bf6 18. Nb3 Nxb3 19. Qxb3 Qd5 20. Rfd1
a5 21. c4 bxc4 22. Rxc4 Rxc4 23. Qxc4 Qxc4 24. Nxc4 Bd8 25. Rc1 h6 26. Ne5
Bb6 27. b3 g5 28. g3 gxf4 29. gxf4 a4 30. Kf2 axb3 31. axb3 Kh7 32. Rc8 Kg8
33. Nc4 Ba7 34. Ra8 1-0

[Event "Politiken Cup"]
[Site "Helsingor DEN"]
[Date "2009.07.19"]
[Round "2"]
[White "Jiretorn,E"]
[Black "Frisvold,O"]
[Result "1/2-1/2"]
[WhiteElo "2150"]
[BlackElo "1827"]
[EventDate "2009.07.18"]

1. d4 Nf6 2. c4 c5 3. Nf3 g6 4. Nc3 Bg7 5. e4 O-O 6. d5 b5 7. e5 Ng4 8. Bf4
b4 9. Ne4 d6 10. exd6 exd6 11. Be2 Ne5 12. Nxe5 dxe5 13. Be3 f5 14. Nxc5 f4
15. Bd2 Qb6 16. Ne4 Qd4 17. Qc2 Bf5 18. f3 a5 19. Rd1 Na6 20. Bxf4 Bxe4 21.
fxe4 b3 22. axb3 Nb4 23. Qb1 Qc5 24. Bg3 Bh6 25. Rf1 Rxf1+ 26. Kxf1 Qe3 27.
Bf3 Rf8 28. Re1 Rxf3+ 29. gxf3 Qxf3+ 30. Kg1 Nd3 31. d6 Be3+ 32. Rxe3 Qxe3+
33. Kf1 Qf3+ 34. Kg1 Qe3+ 1/2-1/2

[Event "Politiken Cup"]
[Site "Helsingor DEN"]
[Date "2009.07.19"]
[Round "2"]
[White "Bruun,H"]
[Black "Moe,P"]
[Result "1/2-1/2"]
[WhiteElo "2093"]
[BlackElo "1820"]
[EventDate "2009.07.18"]

1. e4 c5 2. Nf3 d6 3. d4 cxd4 4. Nxd4 Nf6 5. Nc3 a6 6. Be3 e5 7. Nb3 Be6 8.
f3 Be7 9. Qd2 O-O 10. O-O-O Nbd7 11. g4 Nb6 12. h4 Qc7 13. Kb1 Nc4 14. Bxc4
Bxc4 15. g5 Nh5 16. Nd5 Bxd5 17. Qxd5 Rac8 18. Rh2 g6 19. Rhd2 Qc6 20. Na5
Qxd5 21. Rxd5 b5 22. Nb7 Rc7 23. Nxd6 f6 24. b3 fxg5 25. Bxg5 Rxf3 26. Rxe5
Bf8 27. Red5 h6 28. Bc1 Nf6 29. R5d3 Rf2 30. R1d2 Rf1 31. e5 Ng4 32. Re2
Rc6 33. Rd5 Nxe5 34. Rdxe5 Bxd6 35. Re1 Bxe5 36. Rxf1 Kg7 37. Re1 Bf6 38.
Re4 g5 39. hxg5 hxg5 40. c4 bxc4 41. bxc4 Kg6 42. Kc2 Kf5 43. Kd3 g4 44.
Bf4 Bh4 45. Bh2 Rh6 46. Re5+ Kf6 47. Ke4 Rg6 48. Rf5+ Ke6 49. c5 g3 50. Bg1
Rg4+ 51. Rf4 Rxf4+ 52. Kxf4 Kd5 53. Kg4 Be7 54. Kxg3 Bxc5 55. Bxc5 Kxc5 56.
Kf3 Kb4 57. Ke3 Kc3 58. Ke2 Kc2 59. Ke3 a5 60. Ke2 a4 61. Ke3 a3 62. Ke2
Kb1 63. Kd2 Kxa2 64. Kc2 1/2-1/2

[Event "Politiken Cup"]
[Site "Helsingor DEN"]
[Date "2009.07.19"]
[Round "2"]
[White "Hansen,Mads3"]
[Black "Jensen,By"]
[Result "1-0"]
[WhiteElo "2068"]
[BlackElo "1817"]
[EventDate "2009.07.18"]

1. e4 e5 2. Nf3 Nc6 3. Bb5 a6 4. Ba4 Nf6 5. O-O Be7 6. Re1 b5 7. Bb3 O-O 8.
h3 d6 9. c3 Be6 10. Bxe6 fxe6 11. a4 Qd7 12. d3 b4 13. Bg5 bxc3 14. bxc3
Rab8 15. Nbd2 Ne8 16. Be3 Bf6 17. Qc2 d5 18. Bc5 Nd6 19. Qa2 dxe4 20. Nxe4
h6 21. Nxf6+ gxf6 22. d4 e4 23. Bxd6 cxd6 24. Rxe4 d5 25. Rg4+ Kh8 26. Nh4
Ne7 27. Qd2 1-0

[Event "Politiken Cup"]
[Site "Helsingor DEN"]
[Date "2009.07.19"]
[Round "2"]
[White "Haubro,M"]
[Black "Ostlund,A"]
[Result "0-1"]
[WhiteElo "1855"]
[BlackElo "2067"]
[EventDate "2009.07.18"]

1. e4 e6 2. d4 d5 3. exd5 exd5 4. Bd3 c5 5. dxc5 Bxc5 6. Nc3 Nf6 7. Bg5 Be6
8. Qf3 Be7 9. Nge2 Nc6 10. Nf4 d4 11. Nce2 Qa5+ 12. Kf1 Qxg5 13. Nxe6 fxe6
14. Nf4 Nd8 15. Bc4 O-O 16. Re1 Kh8 17. Nxe6 Nxe6 18. Rxe6 Ng4 19. h4 Qc1+
20. Re1 Qxe1+ 21. Kxe1 Rxf3 22. gxf3 Nf6 23. Kd2 Bc5 24. Kd3 Re8 25. Bf7
Re7 26. Bc4 g6 27. Rg1 a6 28. Bb3 Kg7 29. Kc4 Bb6 30. Kd3 Nh5 31. Rg4 Nf6
32. Rg1 Re5 33. Bc4 Nh5 34. Rg4 Kf6 35. Bg8 Re7 36. Bd5 Ng7 37. Be4 Nf5 38.
Bd5 Ng7 39. Be4 Nf5 40. Bd5 Ba7 41. a4 a5 42. Be4 Bc5 43. Kc4 b6 44. Kd5 h5
45. Rg1 Nxh4 46. Kc6 Nf5 47. b4 Bxb4 48. Kxb6 Re6+ 49. Kb5 Nd6+ 0-1

[Event "Politiken Cup"]
[Site "Helsingor DEN"]
[Date "2009.07.19"]
[Round "2"]
[White "Madland,K"]
[Black "Christensen,Ca"]
[Result "0-1"]
[WhiteElo "2017"]
[BlackElo "1808"]
[EventDate "2009.07.18"]

1. e4 d6 2. d4 g6 3. f4 Bg7 4. Nf3 Nf6 5. Nc3 c5 6. Bd3 cxd4 7. Nxd4 Nc6 8.
Nb3 Qb6 9. Qe2 Nd4 10. Nxd4 Qxd4 11. Nb5 Qb6 12. Be3 Qa5+ 13. Qd2 Qxd2+ 14.
Kxd2 Kd8 15. Bxa7 Bd7 16. Bb6+ Kc8 17. Nc3 Be6 18. Bd4 Nxe4+ 19. Nxe4 Bxd4
20. c3 Bg7 21. a3 Bd5 22. Rhe1 h6 23. Re2 Kd7 24. Rae1 Rhe8 25. g4 Rac8 26.
Ng3 Rc5 27. f5 Bf3 28. Rf2 Bxg4 29. fxg6 fxg6 30. Rf7 Bf6 31. Ne4 Bg5+ 32.
Nxg5 Rxg5 33. a4 Be6 34. Rf2 Bd5 35. h4 Rg4 36. h5 gxh5 37. Bf5+ Kd8 38.
Bxg4 hxg4 39. Rg1 Bf3 40. Rh2 Rh8 41. Rh5 e6 42. Ke3 Ke7 43. Kf4 Kf6 44.
Ke3 Kg6 45. Rh3 Rf8 46. Rh2 Kg5 47. Rd2 d5 48. c4 h5 49. cxd5 Bxd5 50. b4
Rf3+ 51. Kd4 g3 52. a5 h4 53. b5 Rf4+ 54. Kc5 Kg4 55. Rd3 Bf3 56. Rd8 g2
57. a6 bxa6 58. Rg8+ Kh3 59. b6 Rg4 60. Rf8 Kg3 61. Rb1 h3 62. b7 Bxb7 63.
Rb3+ Kh2 64. Rf2 Bd5 65. Ra3 Rg3 66. Rxa6 Kh1 0-1

[Event "Politiken Cup"]
[Site "Helsingor DEN"]
[Date "2009.07.19"]
[Round "2"]
[White "Ryberg,D"]
[Black "Pedersen,NicK"]
[Result "0-1"]
[WhiteElo "1815"]
[BlackElo "2014"]
[EventDate "2009.07.18"]

1. e4 c6 2. d4 d5 3. e5 Bf5 4. Be3 e6 5. Nd2 Nd7 6. Be2 Qb6 7. Nb3 Ne7 8.
f4 Be4 9. Nf3 Nf5 10. Bf2 h5 11. O-O Bxf3 12. Bxf3 g6 13. Be2 Be7 14. Be1
a5 15. Bf2 a4 16. Nc1 Qxb2 17. Nd3 Qb6 18. Rb1 Qc7 19. Qc1 b5 20. Be1 Nxd4
21. Bf3 Nxf3+ 22. Rxf3 Nb6 23. Bb4 c5 24. Be1 b4 25. c3 bxc3 26. Qxc3 Nc4
27. Bf2 O-O 28. g4 hxg4 29. Rg3 Qa5 30. Qc1 Qd2 31. Nxc5 Bxc5 32. Bxc5
Qxc1+ 33. Rxc1 Rfb8 34. Bd4 Rb7 35. Rxg4 Rab8 36. Kf2 Rb1 37. Rgg1 R1b4 38.
Bc3 R4b5 39. h4 Rd8 40. Bd4 Kh7 41. h5 Rg8 42. hxg6+ Rxg6 43. Rxg6 Kxg6 44.
Rg1+ Kh7 45. Kf3 Rb8 46. Bc5 Nd2+ 47. Ke3 Ne4 48. Rh1+ Kg7 49. Rg1+ Kh6 50.
Rh1+ Kg6 51. Rg1+ Kh5 52. Be7 Rb7 53. Ba3 Rc7 54. Bb4 Rc4 55. a3 f5 56. Rg7
Nc5 57. Re7 Re4+ 58. Kf3 Nd3 59. Bd2 Nc5 60. Bb4 Nb3 61. Bc3 d4 62. Bb4 d3
63. Rd7 Nd4+ 64. Kf2 d2 65. Rh7+ Kg6 66. Rh1 Re2+ 67. Kg3 Nc2 68. Rd1 Nxb4
69. axb4 a3 70. b5 a2 71. b6 Re3+ 72. Kf2 Rb3 73. Ke2 Rxb6 74. Rg1+ Kf7 75.
Ra1 Rb1 76. Kxd2 Rxa1 0-1

[Event "Politiken Cup"]
[Site "Helsingor DEN"]
[Date "2009.07.19"]
[Round "2"]
[White "Larsen,Fi"]
[Black "Nielsen,Mor"]
[Result "1-0"]
[WhiteElo "1799"]
[BlackElo "2006"]
[EventDate "2009.07.18"]

1. e4 Nf6 2. e5 Nd5 3. c4 Nb6 4. d4 d6 5. Nf3 Bg4 6. Be2 c6 7. Qb3 Qd7 8.
Be3 g6 9. h3 Bxf3 10. Bxf3 Qe6 11. exd6 Qxc4 12. dxe7 Bxe7 13. Qd1 Qb4+ 14.
Nd2 Qxb2 15. O-O O-O 16. Nb3 Nc4 17. Qd3 Nxe3 18. fxe3 Qa3 19. e4 Nd7 20.
Kh1 Rad8 21. Qc2 c5 22. d5 Bf6 23. Rab1 Rc8 24. Bg4 Bg7 25. Bxd7 Rc7 26.
Bg4 b5 27. Rf3 a6 28. h4 h5 29. Bh3 c4 30. Nd2 Qe7 31. g3 Bh6 32. Re1 Qb4
33. Re2 c3 34. Nb1 Bg7 35. e5 Qd4 36. Rd3 Qc4 37. d6 Rc5 38. e6 Rd5 39.
Ree3 b4 40. e7 1-0

[Event "Politiken Cup"]
[Site "Helsingor DEN"]
[Date "2009.07.19"]
[Round "2"]
[White "Knudsen,JesW"]
[Black "Andersen,G"]
[Result "1-0"]
[WhiteElo "2005"]
[BlackElo "1794"]
[EventDate "2009.07.18"]

1. e4 d5 2. exd5 Qxd5 3. Nc3 Qa5 4. b4 Qe5+ 5. Be2 c6 6. Nf3 Qc7 7. O-O e5
8. Re1 Be6 9. Ng5 Bd5 10. Bb2 Nd7 11. Bh5 Nh6 12. f4 Be7 13. Nxd5 cxd5 14.
Nxf7 Nxf7 15. Bxf7+ Kxf7 16. fxe5 Ke8 17. Qg4 Qb6+ 18. Bd4 Qg6 19. Qe2 Qe6
20. Qh5+ g6 21. Qh6 Bf8 22. Qe3 b6 23. c3 Bg7 24. a4 Ke7 25. a5 Rhf8 26.
Qg5+ Ke8 27. axb6 Nxb6 28. Qh4 h6 29. Ra6 Kd7 30. Bc5 Rfc8 31. Rea1 Rc6 32.
d4 g5 33. Qf2 Nc8 34. b5 Rxa6 35. Rxa6 Qe8 36. Qf3 Nb6 37. Bxb6 axb6 38.
Qxd5+ 1-0

[Event "Politiken Cup"]
[Site "Helsingor DEN"]
[Date "2009.07.19"]
[Round "2"]
[White "Christiansen,Ni"]
[Black "Sorensen,D"]
[Result "0-1"]
[WhiteElo "1794"]
[BlackElo "2005"]
[EventDate "2009.07.18"]

1. e4 g6 2. d4 Bg7 3. Nf3 d6 4. Be3 Nf6 5. Nc3 O-O 6. Bc4 c6 7. Qd2 b5 8.
Bb3 b4 9. Ne2 Nxe4 10. Qxb4 a5 11. Qa3 a4 12. Bc4 Qa5+ 13. Kf1 Ba6 14. Qd3
d5 15. Bxa6 Nxa6 16. c3 Rab8 17. Rb1 Rb7 18. Ne5 Nb8 19. f3 Nd6 20. Ng4 Nf5
21. Bf4 Nd7 22. Ne3 Nxe3+ 23. Qxe3 Nb6 24. Kf2 Nc4 25. Qc1 e5 26. dxe5 Nxe5
27. Rd1 Re8 28. Qc2 Rbe7 29. Re1 Qa6 30. Rbd1 h6 31. Bg3 Qb6+ 32. Nd4 Nc4
33. Bf4 Rxe1 34. Rxe1 Bxd4+ 35. cxd4 Qxd4+ 36. Kf1 Rxe1+ 37. Kxe1 Qxf4 38.
b3 0-1

[Event "Politiken Cup"]
[Site "Helsingor DEN"]
[Date "2009.07.19"]
[Round "2"]
[White "Hansen,Ras"]
[Black "Jessen,E"]
[Result "1-0"]
[WhiteElo "2001"]
[BlackElo "1793"]
[EventDate "2009.07.18"]

1. d4 e6 2. c4 d5 3. Nf3 Nf6 4. Bg5 Be7 5. e3 O-O 6. Nc3 Nbd7 7. Rc1 c6 8.
Bd3 h6 9. Bxf6 Nxf6 10. O-O dxc4 11. Bxc4 Nd5 12. e4 Nf4 13. Ne2 Bg5 14.
Nxf4 Bxf4 15. Rc3 Bc7 16. Bb3 Qe7 17. e5 Bd7 18. Qe2 Bb6 19. Bc2 Rfd8 20.
Qe4 g6 21. Qf4 Kg7 22. h4 f5 23. exf6+ Qxf6 24. Qe4 Be8 25. Rd1 Bf7 26. Ne5
Be8 27. Rf3 1-0